00876 2200229 4500001002100000005001500021035002000036008004100056245006200097100002100159250000600180260004000186300001200226020002200238084001400260082000800274650001000282520031800292990001200610990001200622990001200634INLIS00000000000115020240517101331 a0010-0524000385240517 1 ind 1 aPlease Look After Mom ( Ibu Tercinta ) /cKyung Sook Shin aSook Shin, Kyung a1 aJakarta :bPT. Gramedia,cJuni 2021 a296 hlm a978-602-03-1540-9 a800 KYU p a800 4aFiksi aSepasang suami-istri berangkat ke kota untuk mengunjungi anak-anak mereka yang telah dewasa. Sang suami bergegas naik ke gerbong kereta bawah tanah dan mengira istrinya mengikuti di belakangnya. Setelah melewati beberapa stasiun, barulah dia menyadari bahwa istrinya tak ada. Istrinya tertinggal di Stasiun Seoul. a0744657 a0744658 a0744659